000 00684nam a2200217Ii 4500
001 14176
003 CO-ViMGA
008 241108s9999||||xx |||||||||||||| ||und||
020 _a9581803246
040 _aCO-ViMGA
_bspa
_erda
_cCO-ViMGA
041 0 _aspa
082 0 4 _a303.60986126 C65d
110 1 _aColombia: Presidencia de Derechos Humanos
_953063
245 1 0 _aDinámica reciente de la confrotación armada en el urabá antioqueño
264 1 _aBogotá, Colombia : Cargraphics, 2006
300 _avolumen
336 _atext
_btxt
_2rdacontent
337 _aunmediated
_bn
_2rdamedia
338 _avolume
_bnc
_2rdacarrier
940 _aidficha_siabuc: 13873. -- ficha_no_siabuc:14176
999 _c48658
_d48658